Statistics for China High Speed Rail Plan

Click here to take the quiz!

General Stats

  • This quiz has been taken 265 times
  • The average score is 33 of 88

Answers on the Map

Answers color-coded by a green-red scale on the quiz's map according to % correct below.
 

Answer Stats

Answer% Correct
Beijing
100%
Shanghai
98%
Hong Kong
97%
Taipei
92%
Guangzhou
91%
Xi'an
90%
Harbin
88%
Wuhan
88%
Macau
87%
Tianjin
86%
Shenzhen
85%
Xiamen
85%
Chongqing
83%
Chengdu
81%
Urumqi
80%
Nanjing
79%
Kunming
76%
Qingdao
72%
Hangzhou
69%
Dalian
64%
Lanzhou
63%
Fuzhou
62%
Shenyang
62%
Changsha
55%
Nanning
54%
Hefei
52%
Haikou
51%
Zhengzhou
51%
Hohhot
48%
Xining
47%
Ningbo
42%
Jinan
41%
Yinchuan
41%
Changchun
39%
Shijiazhuang
37%
Sanya
36%
Baotou
34%
Taiyuan
34%
Guilin
31%
Nanchang
31%
Zhuhai
31%
Guiyang
30%
Xuzhou
26%
Yantai
26%
Dandong
24%
Qiqihar
22%
Zhanjiang
21%
Datong
20%
Qinhuangdao
20%
Nantong
19%
Yangzhou
19%
Lianyungang
18%
Zhangjiakou
18%
Beihai
17%
Weifang
17%
Ganzhou
16%
Putian
16%
Fangchenggang
15%
Linyi
15%
Manzhouli
15%
Changde
14%
Huai'an
14%
Yan'an
14%
Yancheng
14%
Bengbu
13%
Hailar
13%
Jiujiang
13%
Suifenhe
13%
Wanzhou
13%
Xiangyang
13%
Dongying
12%
Mudanjiang
12%
Yichang
12%
Anqing
11%
Dazhou
11%
Huanggang
11%
Yibin
11%
Fuyang
10%
Hengshui
10%
Longyan
10%
Shaoyang
10%
Zhangjiajie
10%
Shangqiu
9%
Yiyang
9%
Yongzhou
9%
Heze
8%
Suining
8%
Qianjiang
6%

Score Distribution

Percentile by Number Answered

Percent of People with Each Score

Your Score History

You have not taken this quiz